000 00345 a2200157 4500
001 74358
020 _a9788532272553
040 _cAnchieta - Colégio São Paulo
100 _aMartins, Cládio
240 1 0 _aBranca de medo
_lpor
245 1 0 _aBranca de medo
300 _a22
362 0 _a2010
650 4 _aLiteratura infantil
942 _cBK
999 _c74358
_d74358